| 000 | 00830pam a2200265 a 4500 | ||
|---|---|---|---|
| 001 | 3884 | ||
| 005 | 20240614094753.0 | ||
| 020 | _a9780439608084 | ||
| 040 |
_aDLC _cDLC _dDLC _beng |
||
| 050 | 0 | 0 |
_aPZ7.H672 _b1993 |
| 082 | 0 | 0 | _a808.068 |
| 100 | 1 |
_aHoff, Syd, _d1912-2004. |
|
| 245 | 1 | 0 |
_aCaptain Cat / _cStory and picture by Syd Hoff |
| 250 | _aFirst Scholastic printing , January 2004 | ||
| 260 |
_aNew York : _bScholastic, _c1993 |
||
| 300 |
_a46 pages : _bcolor illustrator ; _c23 cm. |
||
| 490 | _aAn I Can Read Book | ||
| 505 | _aM | ||
| 520 | _aA cat makes friends with a soldier and learns about military life when he joins the army. | ||
| 521 |
_a530
_bLexile |
||
| 521 |
_aM
_bRaz-Plus |
||
| 650 | 1 |
_aCats _xFiction. |
|
| 906 |
_a7 _bcbc _corignew _d1 _eocip _f19 _gy-gencatlg |
||
| 942 |
_2ddc _cBK _n0 |
||
| 999 |
_c3884 _d3884 |
||